[Event "GER-chT U14 Girls"]
[Site "Dittrichshuette"]
[Date "2005.12.28"]
[Round "4.4"]
[White "Goldblat, Anna"]
[Black "Warmer, Marina"]
[Result "1-0"]
[WhiteElo "1023"]
[BlackElo "900"]
[PlyCount "107"]
[EventDate "2005.12.27"]
[EventType "team-swiss"]
[EventRounds "6"]
[EventCountry "GER"]
[SourceTitle "CBM 110 Extra"]
[Source "ChessBase"]
[SourceDate "2006.03.10"]
[SourceVersion "2"]
[SourceVersionDate "2006.03.10"]
[SourceQuality "1"]
[WhiteTeam "Gerresheim U14 Girls"]
[BlackTeam "Nordhorn Blanke U14 Girls"]
[WhiteTeamCountry "GER"]
[BlackTeamCountry "GER"]

1. e4 e6 2. d4 d5 3. Nc3 Nf6 4. exd5 Nxd5 5. Nxd5 Qxd5 6. Nf3 c5 7. Be2 Nc6 8. c3 Be7 9. 0-0 0-0 10. dxc5 Qxd1 11. Rxd1 Bxc5 12. b4 Bb6 13. b5 Ne7 14. Bg5 f6 15. Bf4 Nd5 16. Bd2 Bd7 17. c4 Ne7 18. Bb4 Bxb5 19. cxb5 Rfe8 20. Bc4 Kf7 21. Rd7 a6 22. Rxb7 axb5 23. Bxb5 Ba5 24. Bxa5 Rxa5 25. Bxe8+ Kxe8 26. Rb8+ Kd7 27. Rd1+ Kc6 28. Nd4+ Kc7 29. Rb2 Kd7 30. Nb3+ Rd5 31. Rxd5+ exd5 32. a4 Kc6 33. Nd4+ Kc5 34. Nb5 Kb6 35. Nd6+ Ka6 36. Rb5 Nc6 37. Rxd5 Nb4 38. Rb5 Nc6 39. Kf1 g5 40. Ke2 h5 41. Kd3 h4 42. Kc4 g4 43. Kc5 Na5 44. Kb4 Nc6+ 45. Kc5 Na5 46. Rb6+ Ka7 47. Kb5 Nb3 48. a5 Nxa5 49. Kxa5 Ka8 50. Rb7 f5 51. Kb6 f4 52. Nc8 g3 53. Kc7 gxf2 54. Nb6# 1-0

[Event "GER-chT U14 Girls"]
[Site "Dittrichshuette"]
[Date "2005.12.27"]
[Round "2.4"]
[White "Goldblat, Anna"]
[Black "Wagner, Nora"]
[Result "1/2-1/2"]
[WhiteElo "1023"]
[BlackElo "1106"]
[PlyCount "65"]
[EventDate "2005.12.27"]
[EventType "team-swiss"]
[EventRounds "6"]
[EventCountry "GER"]
[SourceTitle "CBM 110 Extra"]
[Source "ChessBase"]
[SourceDate "2006.03.10"]
[SourceVersion "2"]
[SourceVersionDate "2006.03.10"]
[SourceQuality "1"]
[WhiteTeam "Gerresheim U14 Girls"]
[BlackTeam "Nastaetten SC U14 Girls"]
[WhiteTeamCountry "GER"]
[BlackTeamCountry "GER"]

1. e4 c5 2. Nf3 Nc6 3. Be2 e6 4. Nc3 g6 5. 0-0 Bg7 6. d3 Nge7 7. Be3 Qb6 8. b3 Bxc3 9. Rb1 0-0 10. Bh6 Bg7 11. Qd2 d5 12. Rfe1 f6 13. Bxg7 Kxg7 14. c4 d4 15. Bd1 h6 16. e5 f5 17. Qf4 g5 18. Nxg5 Ng6 19. Qg3 f4 20. Qg4 Ncxe5 21. Rxe5 Nxe5 22. Nxe6+ Kf7 23. Qf5+ Ke7 24. Qxf8+ Kxe6 25. Qxh6+ Ke7 26. Qxf4 Ke6 27. Bg4+ Nxg4 28. Qxg4+ Kf6 29. Qh4+ Kg6 30. Qg3+ Kf6 31. Qh4+ Kg6 32. Qg3+ Kf6 33. Qh4+ 1/2-1/2